000 00395cam a2200169ua 4500
020 _c2.50
041 _aeng
_h
082 _a920
_bMAR/PO
100 _aMarar, T.R.K .
245 0 0 _aPortraits /
_cMarar.T.R.K.
_hTextual Documents
260 _aMadras :
_bThe National publishing co. ,
_c1969.
300 _a120 ; .
365 _a2.50
504 _a
942 _cBK
999 _c736
_d736